000 00271nam a22001217a 4500
040 _cSY
082 _a155
100 _aវុន វ៉ារី
245 _aភាពជាអ្នកដឹកនាំ
260 _aRUA
_bវុន
_cNA
300 _a66p.
942 _cKB
999 _c9147
_d9147